Welcome to WEB OPAC of MRSPTU Central Library

Digital Communication (Record no. 6618)

MARC details
000 -LEADER
fixed length control field 00413nam a2200157Ia 4500
008 - FIXED-LENGTH DATA ELEMENTS--GENERAL INFORMATION
fixed length control field 230711s9999||||xx |||||||||||||| ||und||
020 ## - INTERNATIONAL STANDARD BOOK NUMBER
International Standard Book Number 978-81-8371-093-0
041 ## - LANGUAGE CODE
Language code of text/sound track or separate title ENG
082 ## - DEWEY DECIMAL CLASSIFICATION NUMBER
Classification number 621.382
Item number KR-D
100 ## - MAIN ENTRY--PERSONAL NAME
Personal name Kranthi Rekha,Ch
245 #0 - TITLE STATEMENT
Title Digital Communication
250 ## - EDITION STATEMENT
Edition statement 2nd Ed.
260 ## - PUBLICATION, DISTRIBUTION, ETC.
Date of publication, distribution, etc. 2017
Place of publication, distribution, etc. Hyderabad
Name of publisher, distributor, etc. Scitech Publications (India)Pvt.Ltd
650 ## - SUBJECT ADDED ENTRY--TOPICAL TERM
Topical term or geographic name entry element Electronics Engineering
942 ## - ADDED ENTRY ELEMENTS (KOHA)
Koha item type Book
Holdings
Withdrawn status Lost status Damaged status Not for loan Collection Home library Current library Date acquired Source of acquisition Cost, normal purchase price Inventory number Total checkouts Full call number Barcode Date last seen Price effective from Koha item type
          MRSPTU Central Library MRSPTU Central Library 08/04/2043 Krishna Book Distributors 475.00 KBD/2017-2018/1019143059   621.382 KR-D 39301 08/17/2023 08/17/2023 Book
          MRSPTU Central Library MRSPTU Central Library 08/04/2043 Krishna Book Distributors 475.00 KBD/2017-2018/1019143059   621.382 KR-D 39302 08/17/2023 08/17/2023 Book
          MRSPTU Central Library MRSPTU Central Library 08/04/2043 Krishna Book Distributors 475.00 KBD/2017-2018/1019143059   621.382 KR-D 39303 08/17/2023 08/17/2023 Book
          MRSPTU Central Library MRSPTU Central Library 08/04/2043 Krishna Book Distributors 475.00 KBD/2017-2018/1019143059   621.382 KR-D 39304 08/17/2023 08/17/2023 Book
          MRSPTU Central Library MRSPTU Central Library 08/04/2043 Krishna Book Distributors 475.00 KBD/2017-2018/1019143059   621.382 KR-D 39305 08/17/2023 08/17/2023 Book

Website Designed and Developed by MRSPTU Central Library Team

E-mail Id: librarian@mrsptu.ac.in